000 01078cam a22003131i 4500
003 SA-RiAUC
005 20251005112109.0
008 251002s1981 sy g b 001 0 ara c
040 _aSA-EnSBSSC
_bara
_cSA-RiAUC
_erda
050 4 _b.I87 1981
050 _bI8
082 0 4 _a230
_qSA-RiAUC
090 _a230
_bع ت ر
100 1 _aعتر، نور الدين،
_d1937-
_eمؤلف.
245 1 0 _aمنهج النقد في علوم الحديث /
_cنور الدين عتر.
250 _aالطبعة الثالثة، منقحة.
264 1 _aدمشق :
_bدار الفكر،
_c1981
300 _a539 صفحة ؛
_c24 سم
336 _aنص
_btxt
_2rdacontent
_3كتاب
337 _aبدون وسيط
_bn
_2rdamedia
338 _aمجلد
_bnc
_2rdacarrier
500 _aكشافات : صفحة 489-512.
504 _aيشتمل على كشاف.
504 _aببليوجرافية : صفحة 489-500.
590 _aعمر.
650 7 _aعلم الحديث
_2aucsh
942 _2ddc
_cBOOK
_n0
949 _aSA-JeALM
_d251002
_umohamedma123
_n1
999 _c12368
_d12368